|
|
|
|
| LEADER |
00000cam a2200000 a 4500 |
| 001 |
vtls001137558 |
| 003 |
SK-MaSNL |
| 005 |
20260426013934.0 |
| 008 |
250414s1992 xr grf 00000 cze |
| 020 |
|
|
|q (brož.)
|
| 035 |
|
|
|a SNK000080411
|
| 040 |
|
|
|a SNK
|b slo
|c SNK
|e AACR2
|
| 041 |
0 |
|
|a cze
|a eng
|
| 044 |
|
|
|a xr
|c CZ
|
| 072 |
|
7 |
|a 811.111
|x Angličtina
|2 konspekt
|
| 072 |
|
7 |
|a 005.91:82-6
|x Úradná korešpondencia
|2 konspekt
|
| 080 |
|
|
|a 651.75:802.0
|2 1981
|
| 080 |
|
|
|a 802.0
|2 1981
|
| 080 |
|
|
|a 811.111
|2 2011
|
| 080 |
|
|
|a 005.91:82-6
|2 2011
|
| 080 |
|
|
|a (035)
|2 2011
|
| 100 |
1 |
|
|a Měšťan, Jan,
|d 1962-
|4 aut
|9 195246
|
| 245 |
1 |
0 |
|a Vzorové anglické obchodní dopisy
|c Jan Měšťan
|
| 246 |
1 |
|
|i Názov na strane 2 textu (strana s copyrightom):
|a Vzorové anglické obchodní dopisy
|
| 260 |
|
|
|a Písek
|b Jan Měšťan
|c 1992
|
| 300 |
|
|
|a 45 s.
|c 21 cm
|
| 490 |
1 |
|
|a Brána do světa obchodu
|
| 500 |
|
|
|a Názov z obalu
|
| 546 |
|
|
|a Súbežný text v angličtine
|
| 650 |
0 |
7 |
|a angličtina
|2 SNKPH
|9 1260
|
| 650 |
0 |
7 |
|a obchodná korešpondencia
|2 SNKPH
|9 878
|
| 655 |
|
7 |
|a príručky
|2 SNKPH
|9 74364
|
| 830 |
|
0 |
|a Brána do světa obchodu
|9 726764
|
| 852 |
|
|
|a Slovenská národná knižnica
|
| 954 |
|
|
|a odborná, vedecká literatúra cudzojazyčná (svetová)
|2 lita
|
| 958 |
|
|
|a OND
|
| 958 |
|
|
|a RK
|
| 958 |
|
|
|a TL
|
| 958 |
|
|
|a CZ
|
| 999 |
|
|
|c 1138043
|d 1139973
|
| 952 |
|
|
|t P60, <04>, [BOOK], {604}
|a SNK
|b SNK
|y VYP
|7 0
|p 17A0068197
|o snkIC 121517
|0 0
|1 0
|4 0
|d 1997-05-19
|l 0
|r 2005-01-01 00:00:00
|w 2026-02-24
|